| 000 | 00322nam a22001217a 4500 | ||
|---|---|---|---|
| 008 | 211127b ||||| |||| 00| 0 eng d | ||
| 020 | _a9789351508885 | ||
| 050 |
_a331.40954 _b1 |
||
| 245 | _aValued Daughters,First-Generation Career Women | ||
| 260 |
_aNew Delhi _bSAGE Publication _c2016 |
||
| 300 | _a1 | ||
| 942 |
_2ddc _cBK |
||
| 999 |
_c11926 _d11926 |
||